000 00535cab a2200205 4500
001 X1953
008 090401t1995 xxu||||| |||| 00| 0 eng d
035 _a(Sirsi) u20571
041 _aeng
245 _aYour views - 1995 survey of members
260 _c1995
350 _a0
490 _aCSM (Chartered Surveyor Monthly)
_v4(4) February 1995, 8(1)
650 _aCHARTERED SURVEYOR MONTHLY
650 _aCSM
650 _aCUSTOMER SERVICES QUESTIONNAIRE
690 _aECONOMIC AND SOCIAL
942 _n0
948 _c04/03/1997
999 _c13781
_d13781